00349nam a2200145Ia 4500003000400000008004100004040001600045082001300061100001800074245003400092260003000126300001000156650001500166650002200181GCL140319s9999 xx 000 0 eng d aGCL / cGCL04a843bD M1 aDEBRAY, REGIS10aLES MASQUES / cDEBRAY, REGIS a[S.N] : bFOLIO ، c1992 a275 P04aLITERATURE04aFRENCH LITERATURE